| 000 | 00493nam a2200217Ia 4500 | ||
|---|---|---|---|
| 008 | 210210b1909 xxu||||| |||| 00| 0 eng d | ||
| 041 | _aeng | ||
| 082 | _a942/69 | ||
| 100 | _aGARDINER (S R) | ||
| 245 | _aHistory of England, 1603-1642 Vol VI | ||
| 260 |
_aLondon _bLongmans Green & Co _c1909 |
||
| 440 | _a6 | ||
| 650 | _aVol | ||
| 650 | _aVI | ||
| 650 | _aof | ||
| 650 | _aHistory | ||
| 650 | _aEngland, | ||
| 650 | _a1603-1642 | ||
| 690 | _aEuropean History | ||
| 906 | _a025477 | ||
| 999 |
_c151353 _d151353 |
||